Statistiques concernant Top 15 des villes les plus peuplées des Hauts-de-France

Cliquez ici pour prendre le quiz!

Statistiques générales

  • Ce quiz a été pris 97 fois
  • Le résultat moyen est 11 sur 15

Statistiques - réponses

PopulationsRéponse% Correct
236 710Lille
99%
86 788Dunkerque
91%
133 625Amiens
90%
67 380Calais
87%
98 892Roubaix
85%
99 011Tourcoing
79%
42 600Arras
77%
42 991Valenciennes
70%
40 910Boulogne-sur-Mer
67%
39 648Douai
67%
56 677Beauvais
63%
52 958Saint-Quentin
61%
62 067Villeneuve-d'Ascq
52%
40 394Compiègne
38%
40 836Wattrelos
31%

Distribution des résultats

Percentile par nombre de réponses

% des personnes avec chaque résultat

Votre développement - résultats

Vous n’avez pas pris ce quiz